Los jóvenes chilenos: cambios culturales; perspectivas para el siglo XXI
Saved in:
| Corporate Authors: | , |
|---|---|
| Format: | Bog |
| Sprog: | spansk |
| Udgivet: |
Santiago
MIDEPLAN
2000
|
| Serier: | Unidad de Estudios Prospectivos
|
| Fag: | |
| Tags: |
Tilføj Tag
Ingen Tags, Vær først til at tagge denne postø!
|
MARC
| LEADER | 00000nam a2200000 a 4500 | ||
|---|---|---|---|
| 001 | UCN7251 | ||
| 003 | CL-VaPUC | ||
| 008 | 011012e20000000CL |||||||||||||||||spa|d | ||
| 082 | 0 | 4 | |a 361.61 |b MIN |2 21 |
| 110 | 2 | |a Ministerio de Planificación y Cooperación |e author |9 463116 | |
| 710 | 2 | |a MIDEPLAN |e author |9 463117 | |
| 245 | 1 | 4 | |a Los jóvenes chilenos: cambios culturales; perspectivas para el siglo XXI |
| 300 | |a 197 p | ||
| 942 | |c BK | ||
| 945 | |d 20011012 00:00:00 |a crobeson | ||
| 260 | |a Santiago |b MIDEPLAN |c 2000 | ||
| 650 | 0 | |a Ciencias sociales |v Investigación |9 307767 | |
| 650 | 0 | |a Políticas sociales |9 358116 | |
| 650 | 0 | |a Políticas públicas |9 309677 | |
| 650 | 0 | |a Jóvenes |9 326981 | |
| 650 | 0 | |a Cambio social |9 256857 | |
| 583 | |a last modification |c 20160928 09:54:49 |k Rodrigo Vera | ||
| 490 | 0 | |a Unidad de Estudios Prospectivos | |
| 999 | |c 297657 |d 297655 | ||
| 952 | |0 0 |1 0 |4 0 |6 361_610000000000000_MIN_2000 |7 0 |8 A |9 352576 |a BIBGIM |b BIBGIM |d 2019-11-21 |i 3749630 |o 361.61 MIN 2000 |p 3749630 |r 2025-01-15 |w 2019-11-21 |y BK |k GIM | ||